| Tag |
First Indicator |
Second Indicator |
Subfields |
| LEADER |
00000cam a2200000 i 4500 |
| 001 |
in00004348821 |
| 005 |
20211120110250.0 |
| 006 |
m o d f |
| 007 |
cr ||||||||||| |
| 008 |
200929s2013 couab ob f000 0 eng c |
| 035 |
|
|
|a (OCoLC)on1198084406
|
| 042 |
|
|
|a pcc
|
| 043 |
|
|
|a n-us-ak
|
| 040 |
|
|
|a GPO
|b eng
|e rda
|e pn
|c GPO
|d MvI
|
| 049 |
|
|
|a WWW
|
| 074 |
|
|
|a 0646-R (online)
|
| 086 |
0 |
|
|a I 29.89:2013/663
|
| 088 |
|
|
|a NPS 910/122541
|
| 100 |
1 |
|
|a Hilderbrand, G. V.
|q (Grant Vaughan),
|d 1971-
|e author.
|
| 245 |
1 |
0 |
|a Wildlife stewardship in National Park Service areas in Alaska :
|b a report to the Alaska Leadership Council Sub-group on wildlife harvest on parklands /
|c Grant Hilderbrand [and three others].
|
| 246 |
3 |
0 |
|a Report to the Alaska Leadership Council Sub-group on wildlife harvest on parklands
|
| 264 |
|
1 |
|a Fort Collins, Colorado :
|b U.S. Department of the Interior, National Park Service, Natural Resource Program Center,
|c 2013.
|
| 300 |
|
|
|a 1 online resource (v, 9 pages) :
|b color illustrations, color maps.
|
| 336 |
|
|
|a text
|b txt
|2 rdacontent
|
| 337 |
|
|
|a computer
|b c
|2 rdamedia
|
| 338 |
|
|
|a online resource
|b cr
|2 rdacarrier
|
| 490 |
1 |
|
|a Natural resource report ;
|v NPS/AKSO/NRR--2013/663
|
| 500 |
|
|
|a "NPS 965/120890, May 2013"--Page ii.
|
| 500 |
|
|
|a "Experience your America"--Page 4 of cover.
|
| 504 |
|
|
|a Includes bibliographical references.
|
| 588 |
|
|
|a Description based on online resource; title from PDF title page (NPS website, viewed September 29, 2020).
|
| 650 |
|
0 |
|a Wildlife management
|z Alaska.
|
| 650 |
|
0 |
|a Wildlife conservation
|x Law and legislation
|z Alaska.
|
| 650 |
|
0 |
|a Wildlife monitoring
|z Alaska.
|
| 650 |
|
0 |
|a Parks
|z Alaska.
|
| 650 |
|
0 |
|a National parks and reserves
|z Alaska.
|
| 710 |
1 |
|
|a United States.
|b National Park Service.
|b Natural Resource Stewardship and Science,
|e issuing body.
|
| 830 |
|
0 |
|a Natural resources report ;
|v 2013/663.
|
| 856 |
4 |
0 |
|u https://purl.fdlp.gov/GPO/gpo142350
|t 0
|
| 999 |
f |
f |
|s 31ef7355-77cc-360e-b1c1-f8cb2d86af4d
|i 56ec9172-4054-3cdf-aca1-f594316c65a3
|t 0
|
| 952 |
f |
f |
|a Texas A&M University
|b College Station
|c Electronic Resources
|d Available Online
|t 0
|e I 29.89:2013/663
|h Superintendent of Documents classification
|
| 998 |
f |
f |
|a I 29.89:2013/663
|t 0
|l Available Online
|